| 000 | nam a22 7a 4500 | ||
|---|---|---|---|
| 999 |
_c233244 _d233244 |
||
| 003 | Nust | ||
| 005 | 20170306102924.0 | ||
| 008 | 170306b xxu||||| |||| 00| 0 eng d | ||
| 020 | _a978969502002 | ||
| 040 | _cDLC | ||
| 082 | _a927.8092 NOO | ||
| 245 | _aMehdi Hasan The Man and his Music | ||
| 260 |
_aPakistan : _bLiberty Books, _c2010 |
||
| 300 |
_a80p. _c25cm |
||
| 700 | _aNoorani, Asif | ||
| 942 |
_2ddc _cBK |
||